A dictionary of ecology, evolution, and systematics

This is a completely revised, updated, and expanded version of this hugely successful book, which remains the most wide-ranging and comprehensive dictionary for the study of natural history in its broadest sense. There are over 11,000 entries, providing a working dictionary for students, teachers, r...

ver descrição completa

Na minha lista:
Detalhes bibliográficos
Autor principal: Lincoln, Roger J.
Formato: Livro
Idioma:Undetermined
Publicado em: Cambridge Cambridge University Press 1987
Assuntos:
Tags: Adicionar Tag
Sem tags, seja o primeiro a adicionar uma tag!
Thư viện lưu trữ: Trung tâm Học liệu Trường Đại học Cần Thơ
LEADER 01616nam a2200217Ia 4500
001 CTU_166451
008 210402s9999 xx 000 0 und d
020 |c 49.45 
082 |a 570.3 
082 |b L741 
100 |a Lincoln, Roger J. 
245 2 |a A dictionary of ecology, evolution, and systematics 
245 0 |c Roger Lincoln, Geoff Boxshall, Paul Clark 
260 |a Cambridge 
260 |b Cambridge University Press 
260 |c 1987 
520 |a This is a completely revised, updated, and expanded version of this hugely successful book, which remains the most wide-ranging and comprehensive dictionary for the study of natural history in its broadest sense. There are over 11,000 entries, providing a working dictionary for students, teachers, researchers, and anyone having an interest within the broad arena of biodiversity studies. The extensive coverage includes classical disciplines (botany, zoology, bacteriology, mineralogy, paleontology, etc.), focusing particularly on concepts, strategies, and methodologies. New information in the book reflects major scientific developments, with special attention given to terminology relating to molecular techniques and to terminology generated by recent initiatives in the study of biological diversity and global climate change. 
650 |a Ecology,Evolution (Biology),Biology,Sinh thái học,Giá trị ( sinh học ),Sinh học 
650 |x Dictionaries,Dictionaries,Classification,Dictionaries,Từ điển,Từ điển,Phân loại,Từ điển 
904 |i QHieu 
980 |a Trung tâm Học liệu Trường Đại học Cần Thơ